000 00901nam0a22002411 4500
001 rc\464214
005 20250621094120.0
035 _a(NLR Aleph) 005708446
090 _a7352186
_c7352186
100 _a20030616d1987 |||y0rusy50 ca
101 0 _arus
102 _aRU
105 _ay |||||||||
200 1 _aМатэ Залка
_dZalka Mate
_eБиобиблиогр. указ.
_fВсесоюз. гос. б-ка иностр. лит. (Москва), Гос. б-ка им. М. Горького (Будапешт)
_g[Сост.: Ю.А. Рознатовская, Мария Юхас
_gОтв. ред. Н.М. Залка]
210 _aМ.
_cВГБИЛ
_d1987
215 _a133 с.
_d22
300 _aВступ. ст. парал. на рус. и венг. яз.
510 0 _aZalka Mate
801 0 _aRU
_bNLR
_gpsbo
801 1 _aRU
_bELAR
_2rusmarc
852 _aNLR
_bС
_jК-2/3722
942 _cBOOK
980 _aNB